00829nam a22002297a 4500999001700000003000400017005001700021008004100038040001700079050001600096082001600112100002200128245007900150260003700229300001100266653014300277700003400420856001300454942001500467953000600482952011100488 c28937d28937OSt20260424114531.0260424b ||||| |||| 00| 0 eng d aBSHUAbShqip b785.11/Viv. b785.11/Viv. aVivaldi, Antonio  a"Laudate Pueri" : per soprano, flauto, 2 oboi, archi e cembalo : partitura aMilano :bSuvini Zerboni,c1972. a88 f.; aMuzika boterore - Muzika italiane - Muzika vokale - Muzika orkestrale - Pjese per Soprano - Flaut - 2 Oboe - Harqe - Cembalo - aPartitura 4revisione di Bruno Martinotti yFulltext 2udccSCORE a0 00102udc4070aUArtLib2bUArtLib2d2026-04-24g300.00o785.11/Viv.p68520r2026-04-24w2026-04-24ySCORE